MLB Teams With The Most World Series Wins - Statistics

General Stats
  • This quiz has been taken 107 times
  • The average score is 7 of 8
Answer Stats
World Series Wins Team % Correct
27 New York Yankees
98%
5 Cincinnati Reds
96%
9 Boston Red Sox
92%
8 Los Angeles Dodgers
92%
9 Oakland Athletics
86%
11 St. Louis Cardinals
86%
8 San Francisco Giants
79%
5 Pittsburgh Pirates
56%
No matching quizzes found
Score Distribution
Percent of People with Each Score
Percentile by Number Answered
Your Score History
You have not taken this quiz